000 01093cam a22002894a 4500
001 4522925
005 20170105102936.0
008 990623s1999 enkab b 001 0 eng
010 _a 99038173
020 _a0714649902 (cloth)
020 _a0714680532 (paper)
040 _aDLC
_cDLC
_dDLC
042 _apcc
050 0 0 _aJC319
_b.G487 1999
082 0 0 _a320.12
_221
245 0 0 _aGeopolitics, geography, and strategy /
_ceditors, Colin S. Gray, Geoffrey Sloan.
260 _aLondon ;
_aPortland, OR :
_bFrank Cass,
_c1999.
300 _a289 p. :
_bill., maps ;
_c23 cm.
504 _aIncludes bibliographical references and index.
650 0 _aGeopolitics.
700 1 _aGray, Colin S.
700 1 _aSloan, G. R.
_q(Geoffrey R.)
856 4 2 _3Publisher description
_uhttp://www.loc.gov/catdir/enhancements/fy0652/99038173-d.html
906 _a7
_bcbc
_corignew
_d1
_eocip
_f19
_gy-gencatlg
942 _2ddc
_cBK
999 _c16264
_d16264